Представление документа в формате MARC21

Поле Инд. ПП Название Значение
Тип записи a
Библиографический уровень b
001 Контрольный номер RU/IS/BASE/117125341
005 Дата корректировки 20200522190811.7
084 a Индекс другой классификации/Индекс ББК 88.623; 88.79-9
100 1_ a Автор Винокур В. А.
q Полное имя Винокур Владимир Алексеевич
245 a Заглавие Обучение врачей балинтовским методам общения и взаимодействия с пациентами
504 a Библиография Лит. в конце статьи
520 a Аннотация "В медицинской профессии часто возникает ситуация, когда нужно ответить на вопрос: "это трудный пациент?", или "трудный врач?", а может это просто "трудная ситуация?". Ответы на поставленные вопросы напрямую связаны с тем, что является предметом исследования и анализа в балинтовских группах..."
600 a Персоналии Балинт Майкл
650 a Основная рубрика клиническая психология (медицинская психология)
a Основная рубрика педагогическая психология взрослых
a Основная рубрика психология
a Основная рубрика психология профессий
653 a Ключевые слова балинтовские группы
a Ключевые слова взаимодействие с пациентами
a Ключевые слова взаимоотношения
a Ключевые слова коммуникации "врач-пациент"
a Ключевые слова личность врача
a Ключевые слова межличностные отношения
a Ключевые слова метод профессиональной супервизии
a Ключевые слова методы общения
a Ключевые слова обучение
a Ключевые слова пациенты
a Ключевые слова практическая психология (прикладная психология)
a Ключевые слова психология врачебной деятельности
a Ключевые слова супервизия
773 t Заглавие источника Вестник психосоциальной и коррекционно-реабилитационной работы
d Дата издания источника 2003
g Прочая информация № 1. - С. 46 - 52
w Контрольный № источника RU/IS/BASE/102006268
901 t Тип документа b